[Event "Crewe Alexandra op"]
[Site "Crewe Alexandra"]
[Date "2025.06.27"]
[Round "3"]
[White "Ellson, Louie"]
[Black "Larchikov, Maksym"]
[Result "1/2-1/2"]
[WhiteElo "1855"]
[BlackElo "2032"]
[PlyCount "134"]
[EventDate "2025.06.27"]
[EventType "swiss"]
[EventRounds "5"]
[EventCountry "ENG"]
[SourceTitle "CB27_2025"]
[SourceDate "2025.07.02"]
[SourceVersion "1"]
[SourceVersionDate "2025.07.02"]
[SourceQuality "1"]

1. d4 Nf6 2. c4 e6 3. Nf3 b6 4. g3 Ba6 5. b3 Bb4+ 6. Bd2 Be7 7. Bg2 c6 8. 0-0 d5 9. Qc2 0-0 10. Bg5 Nbd7 11. Nbd2 Rc8 12. e4 dxe4 13. Nxe4 Nxe4 14. Bxe7 Qxe7 15. Qxe4 c5 16. Rfe1 cxd4 17. Nxd4 Nc5 18. Qe3 Qf6 19. Nc6 Rc7 20. Rad1 Nd7 21. Rd6 Nb8 22. Nxb8 Rxb8 23. Red1 Bb7 24. Qd2 g6 25. a4 Bxg2 26. Kxg2 Kg7 27. a5 Rc5 28. axb6 Rxb6 29. Rxb6 axb6 30. Qd6 Qb2 31. Qxb6 Rxc4 32. Rd3 Rc8 33. Qb7 Qc2 34. Rf3 Rc7 35. Qb6 Qc5 36. Qb8 Qe7 37. Qb5 Qc5 38. Qb8 Qe7 39. Rd3 Rd7 40. Rxd7 Qxd7 41. Qf4 Qb7+ 42. Qf3 Qb4 43. Qd3 h5 44. h4 e5 45. Qd5 Qb8 46. Qc4 Qb7+ 47. Kh2 Qf3 48. Qc2 Qb7 49. Qb2 f6 50. b4 Kh6 51. b5 Qb6 52. Qe2 g5 53. hxg5+ fxg5 54. Kg2 Qc5 55. Qd3 Kg7 56. Qd7+ Kf6 57. Qb7 h4 58. gxh4 gxh4 59. Qf3+ Ke7 60. Qe2 Kd6 61. Kh3 Qd4 62. Qf3 e4 63. Qf8+ Kc7 64. Qf4+ Kb6 65. Qb8+ Ka5 66. Qf4 Kxb5 67. Kxh4 Kc4 1/2-1/2

[Event "British Rapidplay"]
[Site "Peterborough"]
[Date "2025.03.02"]
[Round "9"]
[White "Surtees, Michael"]
[Black "Larchikov, Maksym"]
[Result "0-1"]
[WhiteElo "2099"]
[BlackElo "2050"]
[PlyCount "122"]
[EventDate "2025.03.01"]
[EventType "swiss (rapid)"]
[EventRounds "11"]
[EventCountry "ENG"]
[SourceTitle "CB10_2025"]
[SourceDate "2025.03.05"]
[SourceVersion "1"]
[SourceVersionDate "2025.03.05"]
[SourceQuality "1"]

1. e4 c6 2. Ne2 d5 3. e5 c5 4. b4 Nc6 5. bxc5 Nxe5 6. d4 Nc6 7. c4 Nf6 8. Nbc3 e5 9. Be3 exd4 10. Nxd4 Nxd4 11. Bxd4 dxc4 12. Bxc4 Be7 13. 0-0 0-0 14. Re1 Bf5 15. Qb3 Qxd4 16. Rxe7 Bg6 17. Rxb7 Qxc5 18. Rb5 Qc7 19. Nd5 Nxd5 20. Bxd5 Rac8 21. g3 Qe7 22. Rb7 Qe5 23. Rf1 Qd4 24. Rd1 Qf6 25. Re1 h6 26. Rxa7 Kh8 27. Qb4 Rfd8 28. Bb3 Re8 29. Rae7 Rxe7 30. Qxe7 Qf5 31. h4 Bh5 32. Qe3 Qa5 33. Kh2 f6 34. Rc1 Re8 35. Qf4 Bg6 36. Rc7 Qe1 37. Rc1 Qe2 38. Kg1 Rd8 39. Qe3 Qa6 40. Re1 Qa5 41. Rc1 Re8 42. Qf4 Qb6 43. Bd5 Rd8 44. Bg2 Qa7 45. Qc7 Qxc7 46. Rxc7 Rd1+ 47. Kh2 Rd2 48. a4 Rxf2 49. Kg1 Ra2 50. Ra7 h5 51. a5 Bd3 52. Bd5 Ra3 53. Kf2 Kh7 54. Ra8 Kg6 55. Bb7 Bb5 56. a6 Ra2+ 57. Ke3 Kf5 58. Bc8+ Ke5 59. a7 g5 60. Bb7 Re2+ 61. Kf3 g4# 0-1

[Event "British Rapidplay"]
[Site "Peterborough"]
[Date "2025.03.01"]
[Round "6"]
[White "Larchikov, Maksym"]
[Black "He, Tom Junde"]
[Result "1-0"]
[WhiteElo "2050"]
[BlackElo "2053"]
[PlyCount "192"]
[EventDate "2025.03.01"]
[EventType "swiss (rapid)"]
[EventRounds "11"]
[EventCountry "ENG"]
[SourceTitle "CB10_2025"]
[SourceDate "2025.03.05"]
[SourceVersion "1"]
[SourceVersionDate "2025.03.05"]
[SourceQuality "1"]

1. d4 Nf6 2. c4 e6 3. Nf3 b6 4. g3 Bb7 5. Bg2 Be7 6. 0-0 0-0 7. Nc3 Ne4 8. Bd2 f5 9. Ne1 Nxc3 10. Bxc3 Bxg2 11. Nxg2 Bf6 12. Qd3 Nc6 13. e4 fxe4 14. Qxe4 Re8 15. Rad1 Kh8 16. Ne3 Qe7 17. Rfe1 Qf7 18. f4 Qh5 19. Qg2 Rad8 20. b3 Qf7 21. Ng4 Be7 22. Ne3 Bf6 23. Ng4 Be7 24. Ne5 Nxe5 25. dxe5 Bc5+ 26. Kh1 a5 27. Rd3 d6 28. Red1 Qe7 29. Qc6 Rf8 30. exd6 cxd6 31. Re1 Qf7 32. Bd4 Qf5 33. Rdd1 Bb4 34. Re2 e5 35. Bxb6 Rb8 36. Be3 e4 37. Bf2 Rbe8 38. Rc1 Qg4 39. Rcc2 Qf3+ 40. Kg1 Qd3 41. Qd5 Qf3 42. Re3 Qg4 43. Rce2 Rf5 44. Rxe4 Ref8 45. Re8 h5 46. Rxf8+ Rxf8 47. Qe6 Qf3 48. Bd4 Rf6 49. Qe8+ Kh7 50. Qe4+ Qxe4 51. Rxe4 Rf7 52. Bf2 Rd7 53. Kf1 Rc7 54. Rd4 Re7 55. Rd5 g6 56. Rd3 Kg8 57. Re3 Rd7 58. Ke2 Kf7 59. Kf3 Rd8 60. Be1 Bc5 61. Rd3 Ra8 62. Bc3 Ke6 63. h3 Kf7 64. g4 hxg4+ 65. hxg4 Ra7 66. Ke4 Re7+ 67. Kf3 Ra7 68. Bd4 a4 69. b4 Bxd4 70. Rxd4 Ke6 71. a3 Rc7 72. Ke4 Rc6 73. f5+ gxf5+ 74. gxf5+ Kf6 75. b5 Rb6 76. Rd1 Kf7 77. Kd5 Rb8 78. Rh1 Kf6 79. Rh6+ Kxf5 80. Rxd6 Kf4 81. b6 Ke3 82. Kc6 Rc8+ 83. Kb5 Ke4 84. c5 Ke5 85. Rd1 Rb8 86. c6 Rh8 87. c7 Ke6 88. Rd8 Rh5+ 89. Ka6 Ke5 90. c8Q Rf5 91. Qc5+ Ke6 92. Rd6+ Ke7 93. Rd5+ Kf6 94. Rxf5+ Kg6 95. Rf3 Kh6 96. Qg1 Kh7 1-0

[Event "British Rapidplay"]
[Site "Peterborough"]
[Date "2025.03.01"]
[Round "2"]
[White "Larchikov, Maksym"]
[Black "Nicholas, Koichi B"]
[Result "1-0"]
[WhiteElo "2050"]
[BlackElo "2066"]
[PlyCount "97"]
[EventDate "2025.03.01"]
[EventType "swiss (rapid)"]
[EventRounds "11"]
[EventCountry "ENG"]
[SourceTitle "CB10_2025"]
[SourceDate "2025.03.05"]
[SourceVersion "1"]
[SourceVersionDate "2025.03.05"]
[SourceQuality "1"]

1. d4 Nf6 2. c4 c5 3. d5 e5 4. Nc3 d6 5. e4 g6 6. g3 Bg7 7. Bg2 0-0 8. Nge2 Na6 9. 0-0 Nc7 10. f4 exf4 11. gxf4 Re8 12. Ng3 Ng4 13. Nce2 Qh4 14. h3 Nf6 15. Kh2 b5 16. Bd2 bxc4 17. a4 Ng4+ 18. Kg1 Nh6 19. Be1 Bxh3 20. Nf5 Qg4 21. Ne3 Qd7 22. Qc2 Rab8 23. Nxc4 Bxg2 24. Kxg2 Ng4 25. Bc3 Nf6 26. Ng3 Na6 27. Rae1 Nb4 28. Qd1 Re7 29. Rf2 Ne8 30. Rfe2 Bh6 31. Rf2 Na2 32. Bd2 Bg7 33. b3 Nb4 34. Rf3 Qg4 35. Ne3 Qh4 36. Rh1 Qf6 37. Nc4 Qd4 38. Qe2 Nc7 39. Bc3 Qxc3 40. Rxc3 Bxc3 41. Qf3 Bd4 42. Nxd6 Nc2 43. Nc4 Rd8 44. d6 Red7 45. dxc7 Rxc7 46. e5 Rb8 47. Ne4 h5 48. Ned6 Na1 49. Nb5 1-0

[Event "Isle of Wight op"]
[Site "Ryde"]
[Date "2025.02.22"]
[Round "8"]
[White "Banerjee, Supratit"]
[Black "Larchikov, Maksym"]
[Result "1-0"]
[WhiteElo "2264"]
[BlackElo "2088"]
[PlyCount "73"]
[EventDate "2025.02.18"]
[EventType "swiss"]
[EventRounds "9"]
[EventCountry "ENG"]
[SourceTitle "CB09_2025"]
[SourceDate "2025.02.27"]
[SourceVersion "1"]
[SourceVersionDate "2025.02.27"]
[SourceQuality "1"]

1. e4 c6 2. d4 d5 3. Nd2 dxe4 4. Nxe4 Bf5 5. Ng3 Bg6 6. h4 h6 7. Be3 Qb6 8. Bd3 Bxd3 9. Qxd3 Qxb2 10. Rd1 e6 11. N1e2 Qa3 12. c3 Qa6 13. Qc2 Nd7 14. 0-0 Ngf6 15. Nf4 Nb6 16. Rfe1 0-0-0 17. Nd3 Nc4 18. a4 Nd5 19. Ne4 Be7 20. Ndc5 Bxc5 21. Nxc5 Qb6 22. Bc1 Qc7 23. Qd3 Ndb6 24. g3 Qd6 25. a5 Nxa5 26. Bf4 Qd5 27. Ra1 Nbc4 28. Qb1 b6 29. Re5 Qf3 30. Rxa5 Nxa5 31. Qf1 Rd6 32. Re3 Qd5 33. Qa6+ Kb8 34. Nd7+ Kc7 35. Qxa7+ Nb7 36. Nxb6 Qb5 37. Bxd6+ 1-0

[Event "Isle of Wight blitz op1"]
[Site "Isle of Wight"]
[Date "2025.02.19"]
[Round "1"]
[White "Larchikov, Maksym"]
[Black "Sui, Yueyue"]
[Result "1/2-1/2"]
[WhiteElo "2023"]
[BlackElo "1642"]
[PlyCount "72"]
[EventDate "2025.02.19"]
[EventType "swiss (blitz)"]
[EventRounds "7"]
[EventCountry "ENG"]
[SourceTitle "CB08_2025"]
[SourceDate "2025.02.19"]
[SourceVersion "1"]
[SourceVersionDate "2025.02.19"]
[SourceQuality "1"]

1. d4 Nf6 2. c4 e6 3. Nf3 d5 4. Nc3 dxc4 5. e3 a6 6. a4 c5 7. Bxc4 Nc6 8. 0-0 Be7 9. dxc5 Qxd1 10. Rxd1 Bxc5 11. b3 0-0 12. Bb2 Bd7 13. Nd2 Rfd8 14. Nce4 Nxe4 15. Nxe4 Be7 16. Bc3 Be8 17. Be2 Rac8 18. Rac1 Rxd1+ 19. Rxd1 Rd8 20. Rxd8 Nxd8 21. Nd2 f6 22. Kf1 Bf7 23. b4 e5 24. b5 axb5 25. axb5 Ne6 26. Ba5 Kf8 27. Bf3 Nc5 28. Bb6 Nd7 29. Ba7 b6 30. Bc6 Be6 31. Ke1 Bb4 32. Kd1 Bxd2 33. Kxd2 Ke7 34. Bxd7 Bxd7 35. Bxb6 Bxb5 36. Bc5+ Ke6 1/2-1/2

[Event "Huddersfield 4NCL op 32nd"]
[Site "Huddersfield"]
[Date "2025.01.19"]
[Round "5"]
[White "Larchikov, Maksym"]
[Black "Quaite, Toby"]
[Result "1/2-1/2"]
[WhiteElo "2050"]
[BlackElo "1855"]
[PlyCount "44"]
[EventDate "2025.01.17"]
[EventType "swiss"]
[EventRounds "5"]
[EventCountry "ENG"]
[SourceTitle "CB04_2025"]
[SourceDate "2025.01.22"]
[SourceVersion "1"]
[SourceVersionDate "2025.01.22"]
[SourceQuality "1"]

1. d4 Nf6 2. c4 e6 3. Nf3 c5 4. d5 exd5 5. cxd5 d6 6. Nc3 g6 7. e4 Bg7 8. Bd3 0-0 9. 0-0 Bg4 10. Bf4 Bxf3 11. Qxf3 Nh5 12. Bd2 Nd7 13. Qd1 Re8 14. Qc2 a6 15. a4 Qh4 16. Qc1 Be5 17. h3 Nf4 18. Bxf4 Bxf4 19. Qc2 Ne5 20. Be2 g5 21. Qd1 Kh8 22. Bg4 Nxg4 1/2-1/2

[Event "Huddersfield 4NCL op 32nd"]
[Site "Huddersfield"]
[Date "2025.01.17"]
[Round "1"]
[White "Larchikov, Maksym"]
[Black "Collinson, Mark I"]
[Result "1-0"]
[WhiteElo "2050"]
[BlackElo "1888"]
[PlyCount "69"]
[EventDate "2025.01.17"]
[EventType "swiss"]
[EventRounds "5"]
[EventCountry "ENG"]
[SourceTitle "CB04_2025"]
[SourceDate "2025.01.22"]
[SourceVersion "1"]
[SourceVersionDate "2025.01.22"]
[SourceQuality "1"]

1. d4 d5 2. c4 e6 3. Nc3 c5 4. cxd5 exd5 5. Nf3 Nc6 6. e3 Nf6 7. Bb5 Bd7 8. dxc5 Bxc5 9. 0-0 Qb6 10. Be2 Ne7 11. Na4 Bxa4 12. Qxa4+ Nc6 13. a3 0-0 14. b4 Be7 15. Bb2 Rfe8 16. Rfd1 Ne4 17. Qb3 Rad8 18. Rxd5 Rxd5 19. Qxd5 Nxf2 20. Ng5 Nh3+ 21. Nxh3 Qxe3+ 22. Kf1 Bf6 23. Bh5 Bxb2 24. Bxf7+ Kh8 25. Bxe8 Bxa1 26. Bxc6 Qc1+ 27. Kf2 Qb2+ 28. Kg3 Qe5+ 29. Kg4 h5+ 30. Kh4 bxc6 31. Qxc6 Qe1+ 32. Kxh5 Bf6 33. Kg6 Qb1+ 34. Kf7 Qa2+ 35. Qe6 1-0

[Event "Sutton Coldfield Escott Memorial op"]
[Site "Sutton Coldfield"]
[Date "2024.12.15"]
[Round "5"]
[White "Larchikov, Maksym"]
[Black "Shearsby, Jude"]
[Result "1/2-1/2"]
[WhiteElo "2005"]
[BlackElo "2249"]
[PlyCount "41"]
[EventDate "2024.12.14"]
[EventType "swiss"]
[EventRounds "5"]
[EventCountry "ENG"]
[SourceTitle "CB51_2024"]
[SourceDate "2024.12.18"]
[SourceVersion "1"]
[SourceVersionDate "2024.12.18"]
[SourceQuality "1"]

1. d4 d5 2. c4 e6 3. Nc3 a6 4. cxd5 exd5 5. Nf3 Nf6 6. Bg5 Be7 7. e3 0-0 8. Bd3 c6 9. Qc2 Nbd7 10. h3 Re8 11. 0-0 h6 12. Bf4 Nf8 13. Rab1 Bd6 14. Bxd6 Qxd6 15. b4 Bd7 16. Na4 Rad8 17. Nc5 Bc8 18. Rfc1 N6d7 19. a4 Nxc5 20. bxc5 Qf6 21. Ne5 1/2-1/2

[Event "Sutton Coldfield Escott Memorial op"]
[Site "Sutton Coldfield"]
[Date "2024.12.14"]
[Round "2"]
[White "Sullivan, Daniel"]
[Black "Larchikov, Maksym"]
[Result "0-1"]
[WhiteElo "1943"]
[BlackElo "2005"]
[PlyCount "82"]
[EventDate "2024.12.14"]
[EventType "swiss"]
[EventRounds "5"]
[EventCountry "ENG"]
[SourceTitle "CB51_2024"]
[SourceDate "2024.12.18"]
[SourceVersion "1"]
[SourceVersionDate "2024.12.18"]
[SourceQuality "1"]

1. d4 Nf6 2. c4 e6 3. Nc3 d5 4. cxd5 exd5 5. Bg5 Be7 6. e3 c6 7. Bd3 0-0 8. Qc2 Nbd7 9. Nf3 Re8 10. 0-0 Nf8 11. h3 Ne4 12. Bf4 f5 13. Ne5 Ng6 14. Nxg6 hxg6 15. Be5 Bf6 16. f4 a5 17. Rad1 Be6 18. Nxe4 fxe4 19. Be2 Bxe5 20. dxe5 Qh4 21. Kh2 Kf7 22. Qd2 Bxh3 23. g3 Qh8 24. Rh1 Bd7+ 25. Kg2 Qf8 26. g4 Qe7 27. Rh7 Rh8 28. Rdh1 Rxh7 29. Rxh7 Qb4 30. Qc3 Qxc3 31. bxc3 a4 32. Rh1 b5 33. Kg3 a3 34. Rf1 Ke6 35. Bd1 c5 36. Bb3 Rb8 37. Rd1 c4 38. Bc2 b4 39. Rb1 b3 40. axb3 a2 41. Ra1 cxb3 0-1

[Event "Hull 4NCL op"]
[Site "Hull"]
[Date "2024.09.07"]
[Round "3"]
[White "Larchikov, Maksym"]
[Black "Harvey, Marcus Ross"]
[Result "0-1"]
[WhiteElo "2053"]
[BlackElo "2486"]
[PlyCount "82"]
[EventDate "2024.09.06"]
[EventType "swiss"]
[EventRounds "5"]
[EventCountry "ENG"]
[SourceTitle "EXT 2025"]
[Source "ChessBase"]
[SourceDate "2024.10.14"]
[SourceVersion "1"]
[SourceVersionDate "2024.10.14"]
[SourceQuality "1"]

1. d4 f5 2. e4 fxe4 3. Nc3 Nf6 4. Bg5 c6 5. Bxf6 exf6 6. Nxe4 d5 7. Ng3 Bd6 8. Bd3 Qb6 9. Qh5+ Kd8 10. N1e2 Qb4+ 11. c3 Qxb2 12. 0-0 Qd2 13. Bxh7 Be6 14. Rfd1 Qg5 15. Qxg5 fxg5 16. Bd3 Nd7 17. h3 Kc7 18. Nf5 Bf8 19. Re1 Re8 20. Neg3 Nf6 21. Ne3 Bf7 22. Ng4 Nxg4 23. Rxe8 Bxe8 24. hxg4 Ba3 25. Rb1 b5 26. Nf1 a5 27. Nd2 Bd7 28. f3 Bd6 29. Nf1 b4 30. cxb4 axb4 31. Ne3 Ra8 32. Rb2 Ra3 33. Rd2 Bf4 34. Kf2 Bc8 35. g3 Bxe3+ 36. Kxe3 Ba6 37. f4 c5 38. dxc5 Kc6 39. Kd4 Rxd3+ 40. Rxd3 Bxd3 41. Kxd3 Kxc5 0-1

[Event "Hull 4NCL op"]
[Site "Hull"]
[Date "2024.09.07"]
[Round "2"]
[White "Varley, Joe"]
[Black "Larchikov, Maksym"]
[Result "0-1"]
[WhiteElo "1914"]
[BlackElo "2053"]
[PlyCount "34"]
[EventDate "2024.09.06"]
[EventType "swiss"]
[EventRounds "5"]
[EventCountry "ENG"]
[SourceTitle "EXT 2025"]
[Source "ChessBase"]
[SourceDate "2024.10.14"]
[SourceVersion "1"]
[SourceVersionDate "2024.10.14"]
[SourceQuality "1"]

1. e4 e5 2. Nf3 Nf6 3. Nxe5 d6 4. Nf3 Nxe4 5. d4 d5 6. Bd3 Be7 7. 0-0 0-0 8. c4 c6 9. Nc3 Nxc3 10. bxc3 dxc4 11. Bxc4 Bg4 12. Re1 Nd7 13. a4 Bd6 14. Bd3 Qf6 15. Be4 Rfe8 16. Bd2 Bf5 17. Qc2 Rxe4 0-1

[Event "BCF-ch"]
[Site "Hull"]
[Date "2024.08.04"]
[Round "9"]
[White "Larchikov, Maksym"]
[Black "Rida, Ruqayyah"]
[Result "1-0"]
[WhiteElo "2181"]
[BlackElo "2064"]
[PlyCount "111"]
[EventDate "2024.07.27"]
[EventType "swiss"]
[EventRounds "9"]
[EventCountry "ENG"]
[SourceTitle "CBM 221 Extra"]
[Source "ChessBase"]
[SourceDate "2024.09.30"]
[SourceVersion "1"]
[SourceVersionDate "2024.09.30"]
[SourceQuality "1"]

1. d4 Nf6 2. c4 g6 3. Nf3 Bg7 4. Nc3 0-0 5. e4 d6 6. Be2 e5 7. 0-0 Nc6 8. d5 Ne7 9. Ne1 Nd7 10. Nd3 f5 11. exf5 gxf5 12. f4 e4 13. Nf2 Nc5 14. Be3 Ng6 15. g3 Re8 16. Qd2 a5 17. Bd4 Qe7 18. Nfd1 Bd7 19. Ne3 Nd3 20. Bxg7 Qxg7 21. Bxd3 Qd4 22. Rad1 exd3 23. Rfe1 Re7 24. Qxd3 Qg7 25. Kh1 Rae8 26. Nc2 c6 27. Rxe7 Rxe7 28. Re1 Qf7 29. Rxe7 Qxe7 30. Qe3 cxd5 31. Nxd5 Bc6 32. Qxe7 Nxe7 33. Nce3 Kf7 34. Kg1 Bxd5 35. cxd5 b5 36. Kf2 Kf6 37. Ke2 Nc8 38. Kd3 Nb6 39. b3 Nd7 40. Nd1 Nc5+ 41. Kd4 Na6 42. Nc3 b4 43. Nb5 Ke7 44. Na7 Kd7 45. Nc6 a4 46. bxa4 Nc5 47. a5 b3 48. axb3 Nxb3+ 49. Kc3 Nc5 50. Nd4 Ne4+ 51. Kc4 Nd2+ 52. Kb5 Ne4 53. Kb6 Nc3 54. a6 Nxd5+ 55. Kb7 Nc7 56. a7 1-0

[Event "BCF-ch"]
[Site "Hull"]
[Date "2024.08.03"]
[Round "8"]
[White "Shearsby, Jude"]
[Black "Larchikov, Maksym"]
[Result "1/2-1/2"]
[WhiteElo "2130"]
[BlackElo "2181"]
[PlyCount "64"]
[EventDate "2024.07.27"]
[EventType "swiss"]
[EventRounds "9"]
[EventCountry "ENG"]
[SourceTitle "CBM 221 Extra"]
[Source "ChessBase"]
[SourceDate "2024.09.30"]
[SourceVersion "1"]
[SourceVersionDate "2024.09.30"]
[SourceQuality "1"]

1. d4 d5 2. c4 e6 3. Nf3 Nf6 4. Nc3 Be7 5. g4 h6 6. Bf4 dxc4 7. e3 a6 8. a4 c5 9. dxc5 Qxd1+ 10. Rxd1 Bxc5 11. Bxc4 Nc6 12. h3 b6 13. Ke2 Bb7 14. Rb1 Nb4 15. Rhc1 Be7 16. Be5 0-0 17. Nd4 Rac8 18. b3 Nd7 19. Bg3 Nc5 20. f3 Rfd8 21. Rb2 Bf6 22. Rd1 Rd7 23. Be1 Rcd8 24. Rbd2 g6 25. f4 Bg2 26. Kf2 Bb7 27. Ke2 h5 28. Nb1 Bg2 29. Nxe6 Rxd2+ 30. Rxd2 Rxd2+ 31. Bxd2 fxe6 32. Bxb4 Bxh3 1/2-1/2

[Event "BCF-ch"]
[Site "Hull"]
[Date "2024.07.28"]
[Round "2"]
[White "Larkin, Ben L"]
[Black "Larchikov, Maksym"]
[Result "1-0"]
[WhiteElo "1952"]
[BlackElo "2181"]
[PlyCount "67"]
[EventDate "2024.07.27"]
[EventType "swiss"]
[EventRounds "9"]
[EventCountry "ENG"]
[SourceTitle "CBM 221 Extra"]
[Source "ChessBase"]
[SourceDate "2024.09.30"]
[SourceVersion "1"]
[SourceVersionDate "2024.09.30"]
[SourceQuality "1"]

1. e4 c5 2. Nf3 d6 3. d4 cxd4 4. Nxd4 Nf6 5. Nc3 a6 6. Bg5 e6 7. f4 Be7 8. Qf3 Nbd7 9. 0-0-0 Qc7 10. g4 b5 11. Bxf6 Nxf6 12. g5 Nd7 13. f5 Bxg5+ 14. Kb1 Ne5 15. Qh5 Bf6 16. fxe6 0-0 17. Bh3 g6 18. Nd5 Qd8 19. Qe2 Ra7 20. Rhf1 Bh4 21. Qe3 Rb7 22. Qa3 a5 23. exf7+ Rfxf7 24. Bxc8 Qxc8 25. Qxa5 Qg4 26. Qa8+ Kg7 27. Nf5+ gxf5 28. Rg1 Nf3 29. Rxg4+ fxg4 30. Ne3 Nxh2 31. Nf5+ Rxf5 32. exf5 Rf7 33. Qg2 g3 34. Qh3 1-0

[Event "BCF-chT3E 2224 (4NCL)"]
[Site "England"]
[Date "2024.05.04"]
[Round "9.11"]
[White "Larchikov, Maksym"]
[Black "Cooksey, Paul S"]
[Result "1/2-1/2"]
[WhiteElo "2136"]
[BlackElo "2249"]
[PlyCount "93"]
[EventDate "2023.11.11"]
[EventType "team-tourn"]
[EventRounds "11"]
[EventCountry "ENG"]
[SourceTitle "EXT 2025"]
[Source "ChessBase"]
[SourceDate "2024.10.14"]
[SourceVersion "1"]
[SourceVersionDate "2024.10.14"]
[SourceQuality "1"]
[WhiteTeam "Hull & East Riding Tigers"]
[BlackTeam "Crowthorne A"]
[WhiteTeamCountry "ENG"]
[BlackTeamCountry "ENG"]

1. d4 d5 2. c4 c6 3. Nf3 Nf6 4. Nc3 a6 5. cxd5 cxd5 6. e3 Nc6 7. Ne5 e6 8. Bd3 Nd7 9. f4 Ndxe5 10. fxe5 f5 11. exf6 Qxf6 12. Qf3 Qxf3 13. gxf3 Be7 14. h4 Bd7 15. Bd2 Rc8 16. f4 0-0 17. Ne2 Na7 18. a3 Bb5 19. Bb1 Ba4 20. Nc1 Rc7 21. b3 Bd7 22. a4 Rfc8 23. Nd3 Nc6 24. Ke2 Be8 25. h5 b6 26. f5 exf5 27. Nf4 Bf7 28. Bxf5 Re8 29. Kf3 Bd6 30. Ne2 Rf8 31. Kg2 Ne7 32. Bd3 Be6 33. Raf1 Bf5 34. Bxf5 Nxf5 35. Rc1 Rxc1 36. Bxc1 Rc8 37. Rf1 g6 38. hxg6 hxg6 39. Rf2 Bb4 40. Kf3 Nd6 41. Rf1 g5 42. Rg1 Rf8+ 43. Nf4 Rf5 44. Ke2 Ne4 45. Kd3 Nf2+ 46. Ke2 Ne4 47. Kd3 1/2-1/2

[Event "Guildford Spring op"]
[Site "Guildford"]
[Date "2024.04.13"]
[Round "3"]
[White "Fava, Lorenzo"]
[Black "Larchikov, Maksym"]
[Result "1/2-1/2"]
[WhiteElo "2279"]
[BlackElo "1951"]
[PlyCount "128"]
[EventDate "2024.04.12"]
[EventType "swiss"]
[EventRounds "5"]
[EventCountry "ENG"]
[SourceTitle "CBM 219 Extra"]
[Source "ChessBase"]
[SourceDate "2024.05.31"]
[SourceVersion "1"]
[SourceVersionDate "2024.05.31"]
[SourceQuality "1"]

1. c4 e6 2. g3 d5 3. Bg2 Nf6 4. Nf3 Be7 5. b3 c5 6. cxd5 exd5 7. d4 b6 8. 0-0 0-0 9. Ne5 Bb7 10. Bb2 Nc6 11. Nxc6 Bxc6 12. Nd2 cxd4 13. Nf3 Ne4 14. Nxd4 Bb7 15. Rc1 Bf6 16. Ba3 Be7 17. Bxe7 Qxe7 18. Qc2 Rac8 19. Qb2 Qf6 20. e3 Rc5 21. b4 Rcc8 22. Qe2 a5 23. a3 Ba6 24. b5 Bb7 25. Bh3 Rxc1 26. Rxc1 Nc5 27. Rd1 g6 28. Qf3 Qd6 29. Qf4 Rd8 30. Qxd6 Rxd6 31. Kf1 Kf8 32. Ke2 Ke7 33. Bg2 f5 34. h4 Kf6 35. Bf3 h5 36. Rc1 Rd7 37. Nc6 Ne6 38. Rd1 Nc7 39. Nd4 Ne6 40. Nxe6 Kxe6 41. Rc1 Ke5 42. Kd3 Re7 43. Bg2 Rd7 44. Rc2 Re7 45. Rc1 Rf7 46. Bf1 Rd7 47. Be2 Re7 48. f3 Rd7 49. Rc3 Rh7 50. Rc2 Rd7 51. Rc3 Rh7 52. Rc1 Rd7 53. Rc2 Rh7 54. Rc1 Rd7 55. Bf1 Rh7 56. Bh3 Rf7 57. Bg2 Rd7 58. Rc2 Rg7 59. Bh3 Rh7 60. Rc1 Rf7 61. Bf1 Rd7 62. Be2 Rh7 63. Bf1 Rd7 64. Be2 Rh7 1/2-1/2

[Event "British Rapidplay"]
[Site "Peterborough"]
[Date "2024.03.02"]
[Round "2"]
[White "Larchikov, Maksym"]
[Black "Middleton, Tom"]
[Result "1-0"]
[WhiteElo "1951"]
[BlackElo "1976"]
[PlyCount "124"]
[EventDate "2024.03.02"]
[EventType "swiss (rapid)"]
[EventRounds "11"]
[EventCountry "ENG"]
[SourceTitle "CBM 219 Extra"]
[Source "ChessBase"]
[SourceDate "2024.05.31"]
[SourceVersion "1"]
[SourceVersionDate "2024.05.31"]
[SourceQuality "1"]

1. d4 Nf6 2. c4 e6 3. Nf3 Bb4+ 4. Bd2 Qe7 5. e3 a5 6. Bd3 Bxd2+ 7. Qxd2 d6 8. e4 Nc6 9. Nc3 e5 10. dxe5 Nxe5 11. Nxe5 dxe5 12. Nd5 Nxd5 13. cxd5 Qb4 14. Rc1 Qxd2+ 15. Kxd2 Kd8 16. Rc3 b6 17. Rhc1 Ra7 18. Bb5 Bd7 19. Bxd7 Kxd7 20. Rf3 f6 21. a4 Rb7 22. Rb3 Rhb8 23. Rb5 Rc8 24. Rc6 Rd8 25. Rb3 Rdb8 26. Rg3 g6 27. Rxf6 b5 28. Rf7+ Kd6 29. Rc3 c5 30. Rxb7 Rxb7 31. Rb3 b4 32. Kd3 Rf7 33. f3 g5 34. Kc4 Rb7 35. Rd3 h5 36. b3 h4 37. g3 Rb8 38. Re3 Rb7 39. gxh4 gxh4 40. Re2 Rf7 41. Rf2 h3 42. Kb5 Rg7 43. f4 Rg2 44. Rf3 exf4 45. Rxh3 Ke5 46. Rh6 Kxe4 47. d6 Rd2 48. Kc6 f3 49. d7 f2 50. Rf6 Ke3 51. Re6+ Kf3 52. Rf6+ Kg2 53. Kxc5 Rxd7 54. Kb5 Rd5+ 55. Kc4 Rh5 56. Rg6+ Kxh2 57. Rf6 Kg1 58. Rg6+ Kh1 59. Rf6 Rh2 60. Rf5 Kg1 61. Kb5 Rh5 62. Rxh5 f1Q+ 1-0

[Event "Harrogate 4NCL op-A 31st"]
[Site "Harrogate"]
[Date "2024.01.20"]
[Round "3"]
[White "Bulford, Michael J"]
[Black "Larchikov, Maksym"]
[Result "1/2-1/2"]
[WhiteElo "2247"]
[BlackElo "1871"]
[PlyCount "38"]
[EventDate "2024.01.19"]
[EventType "swiss"]
[EventRounds "5"]
[EventCountry "ENG"]
[SourceTitle "CBM 218 Extra"]
[Source "ChessBase"]
[SourceDate "2024.03.31"]
[SourceVersion "1"]
[SourceVersionDate "2024.03.31"]
[SourceQuality "1"]

1. d4 d5 2. c4 e6 3. Nc3 Nf6 4. Bg5 Be7 5. e3 0-0 6. Nf3 h6 7. Bh4 b6 8. cxd5 Nxd5 9. Bxe7 Qxe7 10. Rc1 Bb7 11. Bd3 Rc8 12. 0-0 c5 13. Qd2 Nd7 14. Rfd1 cxd4 15. Nxd4 Nxc3 16. Rxc3 Rxc3 17. Qxc3 Rc8 18. Qe1 Nc5 19. Bf1 Rd8 1/2-1/2